Inovačné aktivity podnikov, možnosti financovania inovácií a ich reálne využitie

Na minha lista:
Detalhes bibliográficos
Autor principal: Spišáková, Emília, 1983-
Outros Autores: Farkašová, Edita, Drábik, Ladislav
Formato: Livro
Idioma:eslovaco
Publicado em: Košice Technická univerzita v Košiciach 2010
Assuntos:
Tags: Adicionar Tag
Sem tags, seja o primeiro a adicionar uma tag!

MARC

LEADER 00000nam a2200000 4500
001 0128702
005 20240502072457.0
020 |a 978-80-553-0587-5 
041 0 |a slo 
044 |a SK 
245 1 0 |a Inovačné aktivity podnikov, možnosti financovania inovácií a ich reálne využitie  |c Emília Spišáková 
264 1 |a Košice  |b Technická univerzita v Košiciach  |c 2010 
300 |a 228 s. [13,693 AH] 
610 2 0 |a inovácia 
610 2 0 |a inovácia výrobkov 
610 2 0 |a financovanie 
610 2 0 |a financovanie vývoja 
610 2 0 |a výskum 
610 2 0 |a vývoj 
610 2 0 |a rast hospodársky 
610 2 0 |a Európska únia 
610 2 0 |a Slovensko 
100 1 |a Spišáková, Emília, 1983- 
700 1 |a Farkašová, Edita 
700 1 |a Drábik, Ladislav